History of the Bengali People (Record no. 13931)

MARC details
000 -LEADER
fixed length control field 00651nam a2200241 a 4500
020 ## - INTERNATIONAL STANDARD BOOK NUMBER
ISBN 9788125050537
082 00 - DEWEY DECIMAL CLASSIFICATION NUMBER
Classification number 954.14
Author Cutter RAY1
100 ## - MAIN ENTRY--AUTHOR NAME
Author name Ray, Niharranjan
245 ## - TITLE STATEMENT
Title History of the Bengali People
Sub title from Earliest Times to the Fall of the Sena Dynasty
260 ## - PUBLICATION, DISTRIBUTION, ETC. (IMPRINT)
Place of publication New Delhi
Name of publisher Orient Blackswan
Year of publication 2013
300 ## - PHYSICAL DESCRIPTION
Number of Pages 613p
500 ## - GENERAL NOTE
General note includes index and biblioraphy
505 2# - FORMATTED CONTENTS NOTE
Formatted contents note Index
650 ## - SUBJECT ADDED ENTRY--TOPICAL TERM
Topical Term Bengal-History
942 ## - ADDED ENTRY ELEMENTS (KOHA)
Koha item type Books
700 1# -
-- Ray, Niharranjan
Holdings
Collection code Home library Current library Date acquired Cost, normal purchase price Full call number Accession Number Koha item type
  Henry Martyn Institute Library Henry Martyn Institute Library 05/15/2013 495.00 954.14 RAY1 024066 Books
                   Copyright © 2026 | Henry Martyn Institute | Hyderabad | TS-500052 | INDIA | Implemented by hmi.edu.in
Hit-Count:

Powered by Koha